00492 2200181 4500001002100000005001500021035002000036245006900056100001800125300001200143700002400155260003400179082000800213084001400221020002200235008004100257990001200298INLIS00000000000149520250912012800 a0010-11240000181 aBuku Siswa Biologi 3 Peminatan ( Edisi Revisi ) /cSri Pujiyanto0 aSri Pujiyanto a276 hlm0 aRejeki Siti Ferniah aSolo :bTiga Serangkai,c2016 a574 a574 SRI b a978-602-257-391-3250912 0  a0739586